[Event "Weekend DLF A"]
[Site "Milano ITA"]
[Date "2000.01.15"]
[Round "1"]
[White "Bozzali, Ermanno"]
[Black "Qendro, Llambi"]
[Result "0-1"]
[WhiteElo "2061"]
[BlackElo "2350"]
[PlyCount "98"]
[EventDate "2000.01.15"]

1. Nf3 g6 2. d4 Bg7 3. Bg5 Nf6 4. Nbd2 d5 5. e3 O-O 6. Be2 Bg4 7. h3 Bxf3 8.
Bxf3 c6 9. O-O Nbd7 10. c4 e6 11. Qb3 Qa5 12. Rfd1 dxc4 13. Nxc4 Qxg5 14. Qxb7
Nb6 15. Nxb6 axb6 16. Qxb6 Rab8 17. Qxc6 Rxb2 18. a4 Qa5 19. Qc5 Qxc5 20. dxc5
Rc2 21. c6 Nd5 22. Rac1 Rxc1 23. Rxc1 Nc3 24. a5 Ra8 25. a6 Ra7 26. Rc2 Be5 27.
g3 Kf8 28. Bg2 Nd5 29. Bf1 Ke7 30. e4 Nc3 31. f4 Bd4+ 32. Kg2 f6 33. Kf3 Kd6
34. h4 e5 35. Bc4 Kxc6 36. Bd5+ Kc5 37. Bb7 Kc4 38. Rh2 Kd3 39. h5 f5 40. exf5
e4+ 41. Kg4 gxf5+ 42. Kxf5 e3 43. g4 e2 44. Rxe2 Nxe2 45. g5 Ke3 46. g6 hxg6+
47. Kxg6 Nxf4+ 48. Kg5 Ne6+ 49. Kf5 Nc5 0-1

[Event "Weekend DLF A"]
[Site "Milano ITA"]
[Date "2000.01.15"]
[Round "1"]
[White "Galli, Fabio"]
[Black "Caselli, Luigi"]
[Result "1/2-1/2"]
[WhiteElo "2093"]
[BlackElo "2321"]
[PlyCount "41"]
[EventDate "2000.01.15"]

1. e4 d5 2. exd5 Qxd5 3. Nc3 Qa5 4. Nf3 Nf6 5. Bc4 c6 6. O-O Bg4 7. h3 Bh5 8.
Be2 e6 9. d4 Bd6 10. Be3 Nbd7 11. Nd2 Bxe2 12. Qxe2 Qc7 13. Nce4 Be7 14. Qf3
Nxe4 15. Nxe4 Nf6 16. Nxf6+ Bxf6 17. c3 O-O 18. Qg4 Rad8 19. Bg5 Bxg5 20. Qxg5
Rd5 21. Qg4 1/2-1/2

[Event "Weekend DLF A"]
[Site "Milano ITA"]
[Date "2000.01.15"]
[Round "1"]
[White "Griffa, Roberto"]
[Black "Tramalloni, Luca"]
[Result "1/2-1/2"]
[WhiteElo "2062"]
[BlackElo "2061"]
[PlyCount "33"]
[EventDate "2000.01.15"]

1. d4 Nf6 2. Nf3 e6 3. Bg5 Be7 4. Nbd2 d5 5. e3 Nbd7 6. Bd3 b6 7. c3 Bb7 8. Qa4
O-O 9. Ne5 Nxe5 10. dxe5 Ne4 11. Bxe7 Qxe7 12. Nxe4 dxe4 13. Bxe4 Qh4 14. Bc6
Qxa4 15. Bxa4 Bxg2 16. Rg1 Bb7 17. O-O-O 1/2-1/2

[Event "Weekend DLF A"]
[Site "Milano ITA"]
[Date "2000.01.16"]
[Round "2"]
[White "Berni, Giorgio"]
[Black "Manzoni, Alessandro"]
[Result "1/2-1/2"]
[WhiteElo "1887"]
[BlackElo "1902"]
[PlyCount "49"]
[EventDate "2000.01.15"]

1. e4 e5 2. Nf3 Nc6 3. Bb5 a6 4. Ba4 Nf6 5. O-O b5 6. Bb3 Be7 7. Re1 d6 8. c3
Bg4 9. d3 Qd7 10. a4 O-O 11. Nbd2 h6 12. Nf1 Rab8 13. Ne3 Bh5 14. Nf5 Kh7 15.
h3 Ng8 16. g4 Bg6 17. Bc2 Bxf5 18. exf5 f6 19. d4 exd4 20. Nxd4 Nxd4 21. Qxd4
d5 22. Be4 Rfd8 23. Rd1 c6 24. axb5 axb5 25. Bg2 1/2-1/2

[Event "Weekend DLF A"]
[Site "Milano ITA"]
[Date "2000.01.16"]
[Round "2"]
[White "Caselli, Luigi"]
[Black "Berni, Fabrizio"]
[Result "1-0"]
[WhiteElo "2321"]
[BlackElo "1848"]
[PlyCount "99"]
[EventDate "2000.01.15"]

1. d4 Nf6 2. Bg5 g6 3. Bxf6 exf6 4. e3 Bg7 5. g3 O-O 6. Bg2 d5 7. Ne2 c6 8. Nd2
Nd7 9. c4 Nb6 10. cxd5 Nxd5 11. O-O f5 12. Nb3 Re8 13. Nc5 Qe7 14. Bxd5 cxd5
15. Nc3 b6 16. Nd3 Be6 17. Qf3 Red8 18. h4 Qd7 19. Rac1 Rac8 20. Nf4 Kf8 21.
Qe2 Kg8 22. Qa6 Rc4 23. Nb5 Qc8 24. Qxc8 Rdxc8 25. Rxc4 Rxc4 26. Nc3 Bf8 27.
Nfxd5 Bxd5 28. Nxd5 Rc2 29. Rb1 Kg7 30. a4 f6 31. b4 Kf7 32. b5 Rc4 33. Ra1 Bb4
34. Nxb4 Rxb4 35. Rc1 Rxa4 36. Rc7+ Ke6 37. Rxh7 Ra5 38. Rg7 Rxb5 39. Rxa7 Rb2
40. Rc7 Kd5 41. Rg7 b5 42. Rxg6 Ke6 43. Rg7 Kd5 44. Rc7 Ke4 45. Kg2 b4 46. h5
b3 47. h6 Rc2 48. Rb7 b2 49. h7 Rc8 50. Rxb2 1-0

[Event "Weekend DLF A"]
[Site "Milano ITA"]
[Date "2000.01.16"]
[Round "2"]
[White "Qendro, Llambi"]
[Black "Galli, Fabio"]
[Result "1-0"]
[WhiteElo "2350"]
[BlackElo "2093"]
[PlyCount "41"]
[EventDate "2000.01.15"]

1. d4 c6 2. c4 d5 3. cxd5 cxd5 4. Nf3 Nc6 5. Nc3 Nf6 6. Bf4 e6 7. e3 Be7 8. Bd3
Nh5 9. Be5 Nxe5 10. Nxe5 Nf6 11. O-O Nd7 12. f4 Nxe5 13. fxe5 O-O 14. Ne2 f6
15. Nf4 f5 16. g4 g5 17. Nh5 fxg4 18. Qxg4 Bd7 19. Qh3 h6 20. Nf6+ Bxf6 21.
Qxh6 1-0

[Event "Weekend DLF A"]
[Site "Milano ITA"]
[Date "2000.01.16"]
[Round "2"]
[White "Tramalloni, Luca"]
[Black "Bozzali, Ermanno"]
[Result "0-1"]
[WhiteElo "2061"]
[BlackElo "2061"]
[PlyCount "98"]
[EventDate "2000.01.15"]

1. d4 Nf6 2. c4 c5 3. d5 e6 4. Nc3 exd5 5. cxd5 d6 6. e4 g6 7. f4 Bg7 8. Bb5+
Nfd7 9. Nf3 O-O 10. O-O a6 11. Bd3 b5 12. Kh1 Re8 13. Bc2 Bb7 14. f5 Ne5 15.
Bg5 Nxf3 16. Bxd8 Ne5 17. Bg5 Nbd7 18. fxg6 hxg6 19. Ne2 Nc4 20. Ng3 Bxb2 21.
Rb1 Bg7 22. Qg4 Nce5 23. Qh4 a5 24. Be7 Nc4 25. Rbe1 a4 26. Bd3 Nd2 27. Bxb5
Nxf1 28. Bxd7 Nxg3+ 29. hxg3 Reb8 30. Rf1 Ba6 31. Rf2 Ra7 32. Bxa4 Rb1+ 33. Kh2
Bc8 34. Bc6 f5 35. Qg5 fxe4 36. Be8 Bf5 37. Rxf5 gxf5 38. Bg6 Rbb7 39. Bxd6 Bd4
40. Qxf5 Rh7+ 41. Bh5 Rxh5+ 42. Qxh5 Rh7 43. g4 e3 44. Bg3 c4 45. Qxh7+ Kxh7
46. d6 c3 47. d7 Bb6 48. Be5 c2 49. Bd4 Bc7+ 0-1

[Event "Weekend DLF A"]
[Site "Milano ITA"]
[Date "2000.01.16"]
[Round "3"]
[White "Agrifoglio, Fabio"]
[Black "Berni, Giorgio"]
[Result "1/2-1/2"]
[WhiteElo "2016"]
[BlackElo "1887"]
[PlyCount "100"]
[EventDate "2000.01.15"]

1. g3 Nf6 2. Bg2 g6 3. Nf3 Bg7 4. O-O O-O 5. d4 d6 6. c4 c6 7. Nc3 Nbd7 8. Qc2
e5 9. dxe5 dxe5 10. Rd1 Qc7 11. e4 Nc5 12. h3 a5 13. Be3 Ne6 14. Rd2 Nd7 15.
Rad1 f5 16. exf5 gxf5 17. Ng5 Ndc5 18. Ne2 Bf6 19. h4 Na6 20. c5 Qe7 21. Rd6
Nxg5 22. hxg5 Bxg5 23. Qc4+ Kh8 24. f4 Bf6 25. fxe5 Bxe5 26. Bd4 Bxd4+ 27.
Qxd4+ Qg7 28. Qe3 Nc7 29. Nf4 Re8 30. Qb3 a4 31. Qd3 Ne6 32. Re1 Qf7 33. Qc3+
Kg8 34. Bf1 Nxf4 35. Rxe8+ Qxe8 36. gxf4 b5 37. cxb6 Ba6 38. Bxa6 Rxa6 39. Qc4+
Kf8 40. Rf6+ Kg7 41. Re6 Qd7 42. Qc3+ Kg8 43. Qc4 Kg7 44. Qxa6 Qxe6 45. Kf2 Qd6
46. Qxa4 Qc5+ 47. Kf3 Qxb6 48. Qc2 Kg6 49. Qc3 c5 50. a4 Qc6+ 1/2-1/2

[Event "Weekend DLF A"]
[Site "Milano ITA"]
[Date "2000.01.16"]
[Round "3"]
[White "Berni, Fabrizio"]
[Black "Galli, Fabio"]
[Result "1/2-1/2"]
[WhiteElo "1848"]
[BlackElo "2093"]
[PlyCount "45"]
[EventDate "2000.01.15"]

1. e4 c6 2. d4 d5 3. exd5 cxd5 4. Bd3 Nf6 5. c3 Nc6 6. Bf4 g6 7. Nf3 Bg4 8.
Nbd2 Qb6 9. Qc2 Bg7 10. O-O Bxf3 11. Nxf3 O-O 12. Rfe1 Rfe8 13. Ne5 Nxe5 14.
dxe5 Nd7 15. Be3 Qc7 16. f4 Nc5 17. Rad1 Nxd3 18. Qxd3 e6 19. Bd4 a6 20. a4
Rac8 21. Ra1 Qc4 22. Qxc4 Rxc4 23. Ra3 1/2-1/2

[Event "Weekend DLF A"]
[Site "Milano ITA"]
[Date "2000.01.16"]
[Round "3"]
[White "Bozzali, Ermanno"]
[Black "Griffa, Roberto"]
[Result "1-0"]
[WhiteElo "2061"]
[BlackElo "2062"]
[PlyCount "99"]
[EventDate "2000.01.15"]

1. e4 d5 2. exd5 Qxd5 3. Nc3 Qa5 4. d4 c6 5. Bc4 Nf6 6. Nf3 Bf5 7. O-O e6 8.
Re1 Be7 9. Bd2 Qc7 10. Ne5 Nbd7 11. Qe2 O-O 12. Bg5 Nxe5 13. dxe5 Nd5 14. Bxe7
Nxc3 15. bxc3 Qxe7 16. Bb3 Qc7 17. c4 Rfd8 18. Rad1 Kf8 19. Rd2 Ke8 20. Red1
Rxd2 21. Qxd2 Qe7 22. c5 Bg4 23. f3 Bf5 24. Qa5 a6 25. Rd6 h5 26. Qd2 Rd8 27.
g3 Rd7 28. Kg2 Qd8 29. h3 Bh7 30. g4 hxg4 31. hxg4 Bg8 32. Kg3 f6 33. f4 fxe5
34. fxe5 Qe7 35. c3 Bh7 36. Qf4 Bg8 37. Bc2 Qf7 38. Qg5 Qf1 39. Bg6+ Bf7 40.
Rxd7 Kxd7 41. Qd2+ Ke8 42. Bxf7+ Qxf7 43. Qd6 Qe7 44. Qxe7+ Kxe7 45. Kf4 Kf7
46. Kg5 a5 47. a4 Kf8 48. Kg6 Kg8 49. g5 Kf8 50. Kh7 1-0

[Event "Weekend DLF A"]
[Site "Milano ITA"]
[Date "2000.01.16"]
[Round "3"]
[White "Manzoni, Alessandro"]
[Black "Tramalloni, Luca"]
[Result "1/2-1/2"]
[WhiteElo "1902"]
[BlackElo "2061"]
[PlyCount "124"]
[EventDate "2000.01.15"]

1. e4 c5 2. Nc3 Nc6 3. g3 g6 4. Bg2 Bg7 5. d3 e6 6. Nge2 Nge7 7. f4 d6 8. O-O
O-O 9. Rb1 Rb8 10. Be3 Nd4 11. Qd2 f5 12. Kh1 Bd7 13. Nd1 Qc7 14. c3 Nxe2 15.
Qxe2 Bc6 16. Nf2 b6 17. Rbe1 Rbe8 18. Qc2 Qb7 19. Nh3 h6 20. Bc1 d5 21. Ng1
dxe4 22. dxe4 Nc8 23. e5 Bxg2+ 24. Qxg2 Qxg2+ 25. Kxg2 Rd8 26. Rd1 Rfe8 27. Nf3
Bf8 28. c4 Be7 29. Kf2 Kf7 30. b3 Rxd1 31. Rxd1 Rd8 32. Rxd8 Bxd8 33. Bd2 a5
34. Ne1 Na7 35. Nd3 Nc6 36. Bc3 Be7 37. Ke3 Ke8 38. Nb2 Bd8 39. Nd3 Kd7 40. h3
Ke8 41. a3 Kd7 42. Nf2 Ke8 43. Nd3 Be7 44. Nb2 Kf7 45. Nd3 g5 46. a4 gxf4+ 47.
gxf4 Kg6 48. Ne1 Kh5 49. Kf3 Kh4 50. Kg2 Kh5 51. Nc2 Bd8 52. Na3 Kg6 53. Nb5
Kh5 54. Nd6 Kg6 55. Kf3 Be7 56. Nc8 Bd8 57. Nd6 Be7 58. Ne8 Kf7 59. Nc7 Bd8 60.
Nb5 Kg6 61. Kg3 Kh5 62. Nd6 Kg6 1/2-1/2

[Event "Weekend DLF A"]
[Site "Milano ITA"]
[Date "2000.01.22"]
[Round "4"]
[White "Berni, Fabrizio"]
[Black "Agrifoglio, Fabio"]
[Result "1-0"]
[WhiteElo "1848"]
[BlackElo "2016"]
[PlyCount "99"]
[EventDate "2000.01.15"]

1. e4 c5 2. Nf3 e6 3. c3 Nf6 4. e5 Nd5 5. d4 cxd4 6. cxd4 d6 7. Bd3 Nc6 8. a3
Qa5+ 9. Bd2 Qb6 10. Nc3 Nxc3 11. Bxc3 d5 12. O-O Be7 13. Rc1 Bd7 14. b4 a5 15.
b5 Na7 16. a4 Qd8 17. Rc2 O-O 18. Qe2 b6 19. Rfc1 Ba3 20. Bb2 Bxb2 21. Rxb2 Rc8
22. Rxc8 Nxc8 23. Rc2 f5 24. exf6 gxf6 25. Rc3 Qe7 26. Rc7 Nd6 27. Nh4 Qg7 28.
Qh5 Rc8 29. Qxh7+ Qxh7 30. Bxh7+ Kxh7 31. Rxd7+ Kh6 32. f3 Rc1+ 33. Kf2 Nc4 34.
Rf7 Kg5 35. Kg3 e5 36. Rg7+ Kh5 37. Nf5 Rc3 38. Kh3 Ne3 39. g4+ Nxg4 40. Rxg4
Rxf3+ 41. Ng3+ Kh6 42. Kh4 f5 43. Rg8 Rf2 44. Kh3 e4 45. Rb8 Kg5 46. Rxb6 f4
47. Rd6 fxg3 48. Rxd5+ Rf5 49. Rxf5+ Kxf5 50. Kxg3 1-0

[Event "Weekend DLF A"]
[Site "Milano ITA"]
[Date "2000.01.22"]
[Round "4"]
[White "Berni, Giorgio"]
[Black "Qendro, Llambi"]
[Result "0-1"]
[WhiteElo "1887"]
[BlackElo "2350"]
[PlyCount "112"]
[EventDate "2000.01.15"]

1. e4 g6 2. d4 Bg7 3. Nf3 c6 4. Be2 d5 5. exd5 cxd5 6. Bf4 Nc6 7. c3 Nf6 8.
Nbd2 O-O 9. h3 Re8 10. O-O Bf5 11. Ne5 Nd7 12. Ng4 Bxg4 13. Bxg4 e6 14. Nb3 Bf8
15. Re1 Na5 16. Be2 a6 17. Nxa5 Qxa5 18. Qb3 Qb6 19. Qxb6 Nxb6 20. a4 Rac8 21.
a5 Nc4 22. Bxc4 Rxc4 23. g4 Rc6 24. Re2 Bd6 25. Bxd6 Rxd6 26. f4 Kg7 27. Kg2
Rb8 28. Rd1 b6 29. axb6 Rdxb6 30. Rdd2 a5 31. Kf3 a4 32. Ke3 Rb3 33. Kd3 a3 34.
bxa3 Rxa3 35. Rb2 Rxb2 36. Rxb2 Ra1 37. Rf2 Kf6 38. Rf3 Ra2 39. Ke3 Rh2 40. Kd3
h5 41. f5 hxg4 42. hxg4 exf5 43. gxf5 g5 44. c4 g4 45. Rf1 Rh3+ 46. Ke2 dxc4
47. Rc1 c3 48. Rf1 Rf3 49. Rg1 Kxf5 50. d5 c2 51. Kd2 Rf2+ 52. Kc1 Ke5 53. Rxg4
Kxd5 54. Rh4 f5 55. Ra4 f4 56. Ra5+ Ke4 0-1

[Event "Weekend DLF A"]
[Site "Milano ITA"]
[Date "2000.01.22"]
[Round "4"]
[White "Bozzali, Ermanno"]
[Black "Caselli, Luigi"]
[Result "0-1"]
[WhiteElo "2061"]
[BlackElo "2321"]
[PlyCount "92"]
[EventDate "2000.01.15"]

1. e4 d5 2. exd5 Qxd5 3. Nc3 Qa5 4. d4 Nf6 5. Nf3 c6 6. Bc4 Bf5 7. O-O e6 8.
Re1 Be7 9. Qe2 Nbd7 10. Ne5 Nxe5 11. dxe5 Nd7 12. Bd2 Qc7 13. Bf4 g5 14. Bg3 h5
15. h3 h4 16. Bh2 Bb4 17. a3 Bxc3 18. bxc3 Qa5 19. Qe3 Rg8 20. f3 Qb6 21. Bd3
Qxe3+ 22. Rxe3 Nc5 23. Kf1 O-O-O 24. Ke2 Rd7 25. Bxf5 exf5 26. Rd1 f4 27. Red3
Nxd3 28. cxd3 Re8 29. d4 f6 30. e6 Rxe6+ 31. Kd3 Rde7 32. Bg1 Re1 33. Rxe1 Rxe1
34. Bf2 Rf1 35. Ke2 Ra1 36. d5 Ra2+ 37. Kf1 Rxf2+ 38. Kxf2 cxd5 39. Ke2 Kd7 40.
Kd3 b5 41. Kd2 Kd6 42. Kc2 Kc5 43. Kb2 Kc4 44. Kc2 a5 45. Kb2 d4 46. cxd4 Kxd4
0-1

[Event "Weekend DLF A"]
[Site "Milano ITA"]
[Date "2000.01.22"]
[Round "4"]
[White "Galli, Fabio"]
[Black "Tramalloni, Luca"]
[Result "1-0"]
[WhiteElo "2093"]
[BlackElo "2061"]
[PlyCount "63"]
[EventDate "2000.01.15"]

1. e4 c5 2. Nf3 d6 3. d4 cxd4 4. Nxd4 Nf6 5. Nc3 e6 6. Bc4 a6 7. Bb3 Be7 8. Be3
Qc7 9. O-O Nc6 10. f4 b5 11. f5 b4 12. Na4 Nxd4 13. Qxd4 Rb8 14. Nb6 e5 15.
Qxb4 Ng4 16. Qa4+ Bd7 17. Nxd7 Nxe3 18. Nxb8+ Kf8 19. Rf3 Qxb8 20. Rxe3 Qb6 21.
Rae1 Bg5 22. Kf2 Ke7 23. Kf3 Bxe3 24. Rxe3 Rc8 25. Rc3 Rxc3+ 26. bxc3 Qg1 27.
Qxa6 Qxh2 28. Qa7+ Kd8 29. Qb6+ Kd7 30. Qb7+ Kd8 31. Qb8+ Kd7 32. Ba4+ 1-0

[Event "Weekend DLF A"]
[Site "Milano ITA"]
[Date "2000.01.22"]
[Round "4"]
[White "Griffa, Roberto"]
[Black "Manzoni, Alessandro"]
[Result "1/2-1/2"]
[WhiteElo "2062"]
[BlackElo "1902"]
[PlyCount "25"]
[EventDate "2000.01.15"]

1. d4 d5 2. Nf3 Nf6 3. e3 c6 4. Bd3 Bg4 5. Nbd2 e6 6. c4 Nbd7 7. O-O Bd6 8. Qb3
Rb8 9. Re1 O-O 10. e4 dxe4 11. Nxe4 Nxe4 12. Bxe4 Bxf3 13. Qxf3 1/2-1/2

[Event "Weekend DLF A"]
[Site "Milano ITA"]
[Date "2000.01.23"]
[Round "5"]
[White "Berni, Giorgio"]
[Black "Bozzali, Ermanno"]
[Result "1-0"]
[WhiteElo "1887"]
[BlackElo "2061"]
[PlyCount "60"]
[EventDate "2000.01.15"]

1. e4 c5 2. Nf3 d6 3. c3 Nf6 4. Be2 Nc6 5. d4 cxd4 6. cxd4 d5 7. e5 Ng8 8. Nc3
e6 9. O-O Nge7 10. Bg5 h6 11. Nb5 Qb6 12. Nd6+ Kd7 13. Nxf7 Rg8 14. Be3 Nf5 15.
g4 Nxe3 16. fxe3 Qxb2 17. e4 Ke8 18. exd5 exd5 19. Qd3 g6 20. a4 Nb4 21. Qb5+
Kxf7 22. Ng5+ Ke7 23. Qc5+ Ke8 24. Bb5+ Bd7 25. Bxd7+ Kxd7 26. Rf7+ Ke8 27.
Qb5+ Nc6 28. Qxb2 hxg5 29. Qxb7 Rd8 30. Rxf8+ Kxf8 1-0

[Event "Weekend DLF A"]
[Site "Milano ITA"]
[Date "2000.01.23"]
[Round "5"]
[White "Griffa, Roberto"]
[Black "Galli, Fabio"]
[Result "0-1"]
[WhiteElo "2062"]
[BlackElo "2093"]
[PlyCount "92"]
[EventDate "2000.01.15"]

1. d4 d5 2. Nf3 e6 3. e3 Nf6 4. Bd3 c5 5. b3 Nc6 6. Bb2 Bd6 7. Ne5 cxd4 8. exd4
Nb4 9. Bb5+ Bd7 10. Nxd7 Nxd7 11. a3 Nc6 12. Nd2 O-O 13. O-O Qb6 14. c4 dxc4
15. Bxc6 Qxc6 16. bxc4 Qc7 17. g3 Rac8 18. Qe2 Rfe8 19. Rac1 e5 20. Rfe1 Qb8
21. Qg4 Nf6 22. Qf5 exd4 23. Bxd4 Bxa3 24. Bxf6 gxf6 25. Qxf6 Rc6 26. Qg5+ Rg6
27. Qb5 Rge6 28. Rxe6 Rxe6 29. Ra1 Bf8 30. Nf3 a6 31. Qg5+ Rg6 32. Qd5 Qc7 33.
Rb1 Rc6 34. Ne5 Rc5 35. Qxf7+ Qxf7 36. Nxf7 Kxf7 37. Rxb7+ Be7 38. Rb6 a5 39.
Rh6 Kg7 40. Re6 Bd8 41. Rd6 Bc7 42. Rd7+ Kg8 43. Rd4 a4 44. Kf1 a3 45. Rd3 a2
46. Ra3 Ra5 0-1

[Event "Weekend DLF A"]
[Site "Milano ITA"]
[Date "2000.01.23"]
[Round "5"]
[White "Manzoni, Alessandro"]
[Black "Caselli, Luigi"]
[Result "0-1"]
[WhiteElo "1902"]
[BlackElo "2321"]
[PlyCount "64"]
[EventDate "2000.01.15"]

1. e4 d5 2. exd5 Qxd5 3. Nc3 Qa5 4. Bc4 Nf6 5. d3 Nc6 6. Bd2 Qf5 7. Nge2 e5 8.
Ng3 Qg6 9. Nb5 Bd6 10. O-O O-O 11. Nxd6 cxd6 12. Rc1 Be6 13. Bb3 Bxb3 14. axb3
Rac8 15. f4 exf4 16. Bxf4 Nd5 17. Bd2 Nd4 18. c3 Nc6 19. Qf3 Nde7 20. Qe4 f5
21. Qh4 Qf7 22. Ne4 Qd5 23. Ng5 h6 24. Rf3 hxg5 25. Bxg5 Ng6 26. Qh5 Nce5 27.
Rh3 Kf7 28. Rf1 Rh8 29. Rxf5+ Ke6 30. Bh6 Rxh6 31. Qg5 Rxh3 32. d4 Nf3+ 0-1

[Event "Weekend DLF A"]
[Site "Milano ITA"]
[Date "2000.01.23"]
[Round "5"]
[White "Qendro, Llambi"]
[Black "Berni, Fabrizio"]
[Result "1/2-1/2"]
[WhiteElo "2350"]
[BlackElo "1848"]
[PlyCount "56"]
[EventDate "2000.01.15"]

1. d4 Nf6 2. c4 g6 3. g3 Bg7 4. Bg2 d6 5. Nf3 O-O 6. O-O c5 7. Nc3 Nc6 8. dxc5
dxc5 9. Be3 Be6 10. Qa4 Qa5 11. Qxa5 Nxa5 12. Bxc5 Bxc4 13. Ne5 Be6 14. Bxe7
Rfe8 15. Bb4 Nc4 16. Nxc4 Bxc4 17. Rfe1 Rad8 18. Rad1 b6 19. Bc6 Rxd1 20. Rxd1
Rb8 21. e4 h5 22. b3 Be6 23. Nd5 Ng4 24. Bd6 Rd8 25. Bc7 Rf8 26. Nf4 Rc8 27.
Nxe6 fxe6 28. Rd7 Be5 1/2-1/2

[Event "Weekend DLF A"]
[Site "Milano ITA"]
[Date "2000.01.23"]
[Round "5"]
[White "Tramalloni, Luca"]
[Black "Agrifoglio, Fabio"]
[Result "1-0"]
[WhiteElo "2061"]
[BlackElo "2016"]
[PlyCount "47"]
[EventDate "2000.01.15"]

1. d4 Nf6 2. c4 g6 3. Nc3 Bg7 4. e4 d6 5. Be2 O-O 6. Bg5 c6 7. Qd2 Qa5 8. Nf3
Re8 9. O-O Bg4 10. a3 e5 11. b4 Qc7 12. d5 a5 13. Rfd1 axb4 14. axb4 Rxa1 15.
Rxa1 Na6 16. dxc6 Nxb4 17. Bxf6 Bxf6 18. Nb5 Qxc6 19. Qxb4 Qxe4 20. Nxd6 Qc6
21. Nxe8 e4 22. Nxf6+ Qxf6 23. Ra8+ Kg7 24. Qf8# 1-0

[Event "Weekend DLF A"]
[Site "Milano ITA"]
[Date "2000.01.23"]
[Round "6"]
[White "Agrifoglio, Fabio"]
[Black "Bozzali, Ermanno"]
[Result "1-0"]
[WhiteElo "2016"]
[BlackElo "2061"]
[PlyCount "92"]
[EventDate "2000.01.15"]

1. g3 g6 2. Bg2 Bg7 3. Nf3 c5 4. O-O Nc6 5. c4 e6 6. Nc3 Nge7 7. d3 O-O 8. Bf4
d6 9. Qc1 Nf5 10. Ne4 Nfd4 11. Nxd4 Nxd4 12. Re1 e5 13. Bh6 f5 14. Bxg7 Kxg7
15. Nc3 f4 16. Nd5 Bg4 17. f3 Be6 18. Nc3 g5 19. Qd2 Qe7 20. Rac1 b6 21. e3
fxe3 22. Rxe3 Rae8 23. Rf1 Rf7 24. Ne2 Nf5 25. Re4 Ref8 26. Nc3 Nd4 27. f4 g4
28. Rfe1 exf4 29. gxf4 Rf5 30. Qe3 Qd7 31. Nd5 Re8 32. Rxd4 cxd4 33. Qxd4+ Kf7
34. Ne3 Rf6 35. Nd5 Bxd5 36. Bxd5+ Kg7 37. Be4 h5 38. Qd5 Qe7 39. Qg5+ Kf8 40.
Qxh5 Qg7 41. f5 Rh6 42. f6 Qxf6 43. Qxg4 Rg6 44. Qxg6 Qxg6+ 45. Bxg6 Rxe1+ 46.
Kf2 46... Rb1 $139 1-0

[Event "Weekend DLF A"]
[Site "Milano ITA"]
[Date "2000.01.23"]
[Round "6"]
[White "Caselli, Luigi"]
[Black "Griffa, Roberto"]
[Result "1/2-1/2"]
[WhiteElo "2321"]
[BlackElo "2062"]
[PlyCount "62"]
[EventDate "2000.01.15"]

1. d4 e6 2. Nf3 d5 3. Bg5 Be7 4. Bxe7 Qxe7 5. Nbd2 Nf6 6. e3 O-O 7. Ne5 c5 8.
c3 Nfd7 9. f4 f6 10. Nxd7 Nxd7 11. Nf3 b6 12. Bb5 a6 13. Bxd7 Bxd7 14. O-O c4
15. Qe2 Qd6 16. g4 b5 17. a3 a5 18. g5 Be8 19. gxf6 gxf6 20. Nh4 Ra7 21. Kh1
Rg7 22. Rg1 Bg6 23. Nxg6 hxg6 24. Rg3 Kf7 25. Rag1 Rh8 26. Qg2 Rh6 27. Rh3 Rxh3
28. Qxh3 Qb8 29. Qg4 Qh8 30. Rg3 g5 31. fxg5 Rxg5 1/2-1/2

[Event "Weekend DLF A"]
[Site "Milano ITA"]
[Date "2000.01.23"]
[Round "6"]
[White "Qendro, Llambi"]
[Black "Manzoni, Alessandro"]
[Result "1/2-1/2"]
[WhiteElo "2350"]
[BlackElo "1902"]
[PlyCount "31"]
[EventDate "2000.01.15"]

1. d4 d5 2. c4 c6 3. cxd5 cxd5 4. Nf3 Nf6 5. Nc3 e6 6. Bf4 Bd6 7. Bg3 Ne4 8. e3
Nxg3 9. hxg3 Nc6 10. Rc1 Bd7 11. Bd3 h6 12. Qe2 O-O 13. O-O Rc8 14. e4 dxe4 15.
Nxe4 Be7 16. Nc3 1/2-1/2

[Event "Weekend DLF A"]
[Site "Milano ITA"]
[Date "2000.01.23"]
[Round "6"]
[White "Tramalloni, Luca"]
[Black "Berni, Fabrizio"]
[Result "1-0"]
[WhiteElo "2061"]
[BlackElo "1848"]
[PlyCount "75"]
[EventDate "2000.01.15"]

1. d4 Nf6 2. c4 g6 3. Nc3 Bg7 4. e4 d6 5. Be2 O-O 6. Bg5 c5 7. d5 b5 8. cxb5 a6
9. a4 Qa5 10. Bd2 Qb4 11. Qc2 axb5 12. Bxb5 Ba6 13. f3 Bxb5 14. Nxb5 Qxb5 15.
axb5 Rxa1+ 16. Bc1 Nbd7 17. Ne2 Rb8 18. Nc3 c4 19. O-O Nc5 20. Be3 Rxf1+ 21.
Kxf1 Nfd7 22. Na4 Rxb5 23. Qxc4 Ra5 24. Nxc5 Nxc5 25. b4 Ra1+ 26. Ke2 Ra4 27.
Bxc5 dxc5 28. Qxc5 Ra2+ 29. Kd3 Ra3+ 30. Kc2 Ra2+ 31. Kb3 Rb2+ 32. Ka3 Rxg2 33.
Qxe7 Rd2 34. d6 Bf8 35. e5 Rd3+ 36. Ka4 Rxf3 37. Qe8 Re3 38. d7 1-0